[Event "OP-2011-0-01884"]
[Site "LSS email"]
[Date "2011.11.18"]
[Round "?"]
[White "Husemann, Andreas"]
[Black "Gergely, Monica"]
[Result "1-0"]
[WhiteElo "2018"]
[BlackElo "666"]
[PlyCount "29"]
[EventDate "2011.11.14"]
[EventType "tourn (corr)"]
[EventRounds "4"]
[EventCountry "GER"]
[SourceTitle "Corr 2015"]
[Source "ChessBase"]
[SourceDate "2015.07.17"]
[SourceVersion "1"]
[SourceVersionDate "2015.07.17"]
[SourceQuality "1"]

1. d4 d5 2. c4 c6 3. Nf3 Nf6 4. Nc3 Bf5 5. cxd5 cxd5 6. Qb3 b6 7. e4 Nxe4 8. Nxe4 Bxe4 9. Bb5+ Nd7 10. Ne5 Qc7 11. Bxd7+ Kd8 12. Bf4 Qb7 13. Bc6 Kc7 14. Rc1 Rc8 15. Nxf7+ 1-0

[Event "OP-2011-0-01884"]
[Site "LSS email"]
[Date "2011.11.17"]
[Round "?"]
[White "Gergely, Monica"]
[Black "Lauer, Fredric"]
[Result "0-1"]
[WhiteElo "666"]
[BlackElo "1032"]
[PlyCount "50"]
[EventDate "2011.11.14"]
[EventType "tourn (corr)"]
[EventRounds "4"]
[EventCountry "GER"]
[SourceTitle "Telechess CBM 157"]
[Source "ChessBase"]
[SourceDate "2013.11.12"]
[SourceVersion "1"]
[SourceVersionDate "2013.11.12"]
[SourceQuality "1"]

1. e4 d5 2. f4 c5 3. exd5 Nf6 4. Bc4 Bf5 5. Nc3 a6 6. Nf3 b5 7. 0-0 bxc4 8. Ne5 Nbd7 9. Nxc4 Nb6 10. Nxb6 Qxb6 11. Kh1 Rd8 12. d3 Nxd5 13. Nxd5 Rxd5 14. Be3 e6 15. Qe2 Be7 16. b3 0-0 17. Rfd1 Bf6 18. c4 Rxd3 19. Rxd3 Bxd3 20. Qxd3 Bxa1 21. h3 Rd8 22. Qe4 Bf6 23. Kh2 Bd4 24. Bd2 Bg1+ 25. Kxg1 Rxd2 0-1

[Event "SN-2011-0-00392"]
[Site "LSS email"]
[Date "2011.10.24"]
[Round "?"]
[White "Ustimenko, Aleksandr"]
[Black "Gergely, Monica"]
[Result "1-0"]
[WhiteElo "1329"]
[BlackElo "666"]
[PlyCount "43"]
[EventDate "2011.10.16"]
[EventType "tourn (corr)"]
[EventRounds "6"]
[EventCountry "GER"]
[SourceTitle "Telechess CBM 157"]
[Source "ChessBase"]
[SourceDate "2013.11.12"]
[SourceVersion "1"]
[SourceVersionDate "2013.11.12"]
[SourceQuality "1"]

1. e4 d5 2. exd5 Qxd5 3. Nc3 Qa5 4. d4 c5 5. Nf3 Bg4 6. Be2 Nf6 7. 0-0 e6 8. d5 Bd6 9. h3 Bf5 10. Bb5+ Nbd7 11. Bxd7+ Nxd7 12. dxe6 Bxe6 13. Qxd6 Rc8 14. Bg5 Nf6 15. Rfe1 Rc7 16. Nd5 Rd7 17. Rxe6+ fxe6 18. Qxe6+ Kd8 19. Nxf6 gxf6 20. Bxf6+ Kc7 21. Bxh8 h6 22. Be5+ 1-0

[Event "SN-2011-0-00391"]
[Site "LSS email"]
[Date "2011.10.23"]
[Round "?"]
[White "Pinilla Munoz, Sonia"]
[Black "Gergely, Monica"]
[Result "1-0"]
[WhiteElo "1137"]
[BlackElo "666"]
[PlyCount "49"]
[EventDate "2011.10.13"]
[EventType "tourn (corr)"]
[EventRounds "6"]
[EventCountry "GER"]
[SourceTitle "Telechess CBM 157"]
[Source "ChessBase"]
[SourceDate "2013.11.12"]
[SourceVersion "1"]
[SourceVersionDate "2013.11.12"]
[SourceQuality "1"]

1. d4 d5 2. c4 c6 3. e3 Bf5 4. Nc3 e6 5. Nf3 Nf6 6. Nh4 Bg6 7. Nxg6 hxg6 8. Bd3 Bd6 9. h3 Nbd7 10. 0-0 Qe7 11. Qb3 c5 12. Qxb7 Nb6 13. Qxe7+ Bxe7 14. cxd5 exd5 15. dxc5 Bxc5 16. Bb5+ Nfd7 17. Bxd7+ Kxd7 18. Rd1 Ke6 19. Nb5 Kd7 20. Nc3 Kc6 21. a4 a5 22. Ne2 Rhe8 23. Nd4+ Kd6 24. Nb3 Nxa4 25. Rxa4 1-0

[Event "SN-2011-0-00392"]
[Site "LSS email"]
[Date "2011.10.23"]
[Round "?"]
[White "Secondi, Alberto"]
[Black "Gergely, Monica"]
[Result "1-0"]
[WhiteElo "590"]
[BlackElo "666"]
[PlyCount "53"]
[EventDate "2011.10.16"]
[EventType "tourn (corr)"]
[EventRounds "6"]
[EventCountry "GER"]
[SourceTitle "Telechess CBM 157"]
[Source "ChessBase"]
[SourceDate "2013.11.12"]
[SourceVersion "1"]
[SourceVersionDate "2013.11.12"]
[SourceQuality "1"]

1. d4 d5 2. c4 e6 3. Nc3 Bb4 4. Bd2 Bd7 5. a3 Bd6 6. c5 Be7 7. g3 Nf6 8. Bg2 c6 9. Nf3 b6 10. b4 a5 11. 0-0 h5 12. Bg5 Ng4 13. Bxe7 Qxe7 14. h3 e5 15. dxe5 Nxe5 16. Nxe5 Be6 17. e4 h4 18. g4 Nd7 19. Nxc6 Qf6 20. Nxd5 Bxd5 21. Qxd5 0-0 22. f4 Rae8 23. Qxd7 Qe6 24. Qd6 f6 25. Qd5 Qxd5 26. exd5 Re2 27. Rfd1 1-0

[Event "SN-2011-0-00391"]
[Site "LSS email"]
[Date "2011.10.22"]
[Round "?"]
[White "Bozic, Deni"]
[Black "Gergely, Monica"]
[Result "1-0"]
[WhiteElo "915"]
[BlackElo "666"]
[PlyCount "49"]
[EventDate "2011.10.13"]
[EventType "tourn (corr)"]
[EventRounds "6"]
[EventCountry "GER"]
[SourceTitle "Telechess CBM 157"]
[Source "ChessBase"]
[SourceDate "2013.11.12"]
[SourceVersion "1"]
[SourceVersionDate "2013.11.12"]
[SourceQuality "1"]

1. e4 c6 2. d4 d5 3. exd5 cxd5 4. Nf3 e6 5. Nc3 Bb4 6. Bd2 Nc6 7. Bb5 Bd7 8. 0-0 f6 9. a3 Bd6 10. h3 Nge7 11. Na2 0-0 12. Re1 a6 13. Bd3 e5 14. dxe5 fxe5 15. Nh2 Bf5 16. Bg5 Bxd3 17. Qxd3 Qb6 18. Rf1 Bc5 19. Qd2 e4 20. b4 Nf5 21. Qxd5+ Rf7 22. bxc5 Rd8 23. Bxd8 Nxd8 24. cxb6 Nc6 25. Ng4 1-0

[Event "SN-2011-0-00391"]
[Site "LSS email"]
[Date "2011.10.22"]
[Round "?"]
[White "Gergely, Monica"]
[Black "Trevis, Robert R"]
[Result "0-1"]
[WhiteElo "666"]
[BlackElo "1023"]
[PlyCount "36"]
[EventDate "2011.10.13"]
[EventType "tourn (corr)"]
[EventRounds "6"]
[EventCountry "GER"]
[SourceTitle "Telechess CBM 157"]
[Source "ChessBase"]
[SourceDate "2013.11.12"]
[SourceVersion "1"]
[SourceVersionDate "2013.11.12"]
[SourceQuality "1"]

1. e4 e5 2. f4 exf4 3. Nf3 g5 4. Bc4 g4 5. Ne5 Qh4+ 6. Kf1 Nc6 7. Bxf7+ Ke7 8. d4 Nxe5 9. dxe5 Kxf7 10. Bxf4 Bh6 11. Qd2 Kg7 12. Bxh6+ Qxh6 13. Qxh6+ Nxh6 14. Nc3 Rf8+ 15. Ke2 Nf7 16. Rhf1 Nxe5 17. Rxf8 Kxf8 18. Rf1+ Kg8 0-1

[Event "ZN-2011-0-01610"]
[Site "LSS email"]
[Date "2011.07.11"]
[Round "?"]
[White "Lykhomano, Romano"]
[Black "Gergely, Monica"]
[Result "1-0"]
[WhiteElo "908"]
[BlackElo "769"]
[PlyCount "79"]
[EventDate "2011.07.07"]
[EventType "match (corr)"]
[EventRounds "2"]
[EventCountry "GER"]
[SourceTitle "Telechess CBM 149"]
[Source "ChessBase"]
[SourceDate "2012.07.17"]
[SourceVersion "1"]
[SourceVersionDate "2012.07.17"]
[SourceQuality "1"]

1. d4 c6 2. c4 d5 3. Nf3 dxc4 4. a4 Bf5 5. Nc3 e6 6. e4 Bg4 7. Bxc4 c5 8. Be2 Nh6 9. Be3 Nd7 10. 0-0 g6 11. h3 Bxf3 12. Bxf3 e5 13. dxc5 Nxc5 14. Qxd8+ Rxd8 15. Bxc5 Bxc5 16. Rad1 0-0 17. Rxd8 Rxd8 18. Rd1 Rxd1+ 19. Nxd1 f5 20. exf5 Nxf5 21. Bxb7 Nd4 22. Nc3 Kf7 23. Bd5+ Ne6 24. Ne4 Bb4 25. Ng5+ Ke7 26. Nxe6 Kd6 27. Bb3 e4 28. Ng5 h6 29. Nxe4+ Ke5 30. Ng3 g5 31. Ne2 h5 32. Kf1 a5 33. Bf7 h4 34. b3 Ke4 35. Ng1 Bd6 36. Nf3 Kf4 37. Nd4 Ke4 38. Nc6 Bc7 39. b4 axb4 40. Nxb4 1-0

[Event "LSS No Engine Cup 46 Preliminary 1"]
[Site "LSS email"]
[Date "2011.07.10"]
[Round "?"]
[White "Gergely, Monica"]
[Black "Jaszczowski, Zdzislaw"]
[Result "1-0"]
[WhiteElo "769"]
[BlackElo "896"]
[PlyCount "43"]
[EventDate "2011.07.11"]
[EventType "tourn (corr)"]
[EventRounds "6"]
[EventCountry "GER"]
[SourceTitle "Telechess CBM 151"]
[Source "ChessBase"]
[SourceDate "2012.11.13"]
[SourceVersion "1"]
[SourceVersionDate "2012.11.13"]
[SourceQuality "1"]

1. d4 d5 2. Nc3 c6 3. e4 dxe4 4. Bc4 Bg4 5. f3 exf3 6. Nxf3 e6 7. 0-0 Bd6 8. Qd2 c5 9. Kh1 Nf6 10. dxc5 Bxc5 11. Qxd8+ Kxd8 12. Ne5 Bf5 13. Nxf7+ Ke7 14. Nxh8 Nc6 15. Bf4 Rxh8 16. Rad1 Ne4 17. Nxe4 Bxe4 18. c3 Rd8 19. Bg5+ Ke8 20. Bxe6 Rxd1 21. Rxd1 Ne5 22. Rd8# 1-0

[Event "ZN-2011-0-01609"]
[Site "LSS email"]
[Date "2011.07.10"]
[Round "?"]
[White "Gergely, Monica"]
[Black "Wallerstorfer, Josef"]
[Result "0-1"]
[WhiteElo "771"]
[BlackElo "909"]
[PlyCount "74"]
[EventDate "2011.07.07"]
[EventType "match (corr)"]
[EventRounds "2"]
[EventCountry "GER"]
[SourceTitle "Telechess CBM 149"]
[Source "ChessBase"]
[SourceDate "2012.07.17"]
[SourceVersion "1"]
[SourceVersionDate "2012.07.17"]
[SourceQuality "1"]

1. e4 e5 2. Bc4 Nf6 3. Nc3 Bc5 4. f4 exf4 5. Nf3 0-0 6. d4 Bb6 7. Bxf4 a6 8. Nd5 Nxd5 9. Bxd5 c6 10. Bb3 d6 11. c4 Bg4 12. Qc2 Bxf3 13. gxf3 Bxd4 14. 0-0-0 c5 15. e5 dxe5 16. Bxe5 Qg5+ 17. f4 Be3+ 18. Kb1 Bxf4 19. Bxf4 Qxf4 20. Rdf1 Qc7 21. Rf2 Nc6 22. Rd1 Na5 23. Ba4 b5 24. cxb5 axb5 25. Bxb5 Nb7 26. Rd7 Qb6 27. Bc4 Nd6 28. Bd5 Rac8 29. Re2 Ne8 30. Ree7 Nd6 31. Qc3 h6 32. Rb7 Qa6 33. Rbd7 Qf1+ 34. Qc1 Qf5+ 35. Qc2 Qxd5 36. Rxf7 Rxf7 37. Rxf7 Qxf7 0-1

[Event "OP-2011-0-01650"]
[Site "LSS email"]
[Date "2011.07.10"]
[Round "?"]
[White "Kiryushin, Anatoly"]
[Black "Gergely, Monica"]
[Result "1-0"]
[WhiteElo "1691"]
[BlackElo "666"]
[PlyCount "45"]
[EventDate "2011.07.06"]
[EventType "tourn (corr)"]
[EventRounds "4"]
[EventCountry "GER"]
[SourceTitle "Telechess CBM 157"]
[Source "ChessBase"]
[SourceDate "2013.11.12"]
[SourceVersion "1"]
[SourceVersionDate "2013.11.12"]
[SourceQuality "1"]

1. e4 c6 2. d4 d5 3. Nc3 e6 4. Nf3 dxe4 5. Nxe4 Nf6 6. Nxf6+ Qxf6 7. Bg5 Qf5 8. Bd3 Qa5+ 9. Bd2 Qb6 10. 0-0 Bd6 11. c4 Qxb2 12. Rb1 Qa3 13. Qc2 c5 14. d5 exd5 15. Rfe1+ Be6 16. cxd5 Nd7 17. dxe6 0-0-0 18. exd7+ Rxd7 19. Bb5 Rc7 20. Re3 Qb4 21. Bxb4 cxb4 22. Qxh7 Rxh7 23. Re8# 1-0

[Event "LSS No Engine Cup 46 Preliminary 1"]
[Site "LSS email"]
[Date "2011.07.10"]
[Round "?"]
[White "Moreno Roman, Alejandro"]
[Black "Gergely, Monica"]
[Result "1-0"]
[WhiteElo "1234"]
[BlackElo "769"]
[PlyCount "67"]
[EventDate "2011.07.11"]
[EventType "tourn (corr)"]
[EventRounds "6"]
[EventCountry "GER"]
[SourceTitle "Telechess CBM 151"]
[Source "ChessBase"]
[SourceDate "2012.11.13"]
[SourceVersion "1"]
[SourceVersionDate "2012.11.13"]
[SourceQuality "1"]

1. c4 c6 2. d4 d5 3. Nc3 Nf6 4. cxd5 Nxd5 5. e4 Nxc3 6. bxc3 e6 7. Nf3 f5 8. e5 Qd5 9. Be2 Be7 10. 0-0 c5 11. a4 0-0 12. Ba3 Nc6 13. c4 Qe4 14. Bd3 Qg4 15. h3 Qh5 16. d5 exd5 17. cxd5 Nb4 18. d6 Bg5 19. Bc4+ Kh8 20. Nxg5 Qxg5 21. d7 Rd8 22. dxc8Q Raxc8 23. Qb3 f4 24. Rfd1 b6 25. Be6 Rxd1+ 26. Rxd1 Rd8 27. Rxd8+ Qxd8 28. Bxb4 Qe8 29. Bd2 f3 30. Qxf3 Qxe6 31. Qa8+ Qg8 32. Qxa7 Qa2 33. Qb8+ Qg8 34. Qxb6 1-0

[Event "OP-2011-0-01650"]
[Site "LSS email"]
[Date "2011.07.10"]
[Round "?"]
[White "Schubert, Volker"]
[Black "Gergely, Monica"]
[Result "1-0"]
[WhiteElo "1708"]
[BlackElo "666"]
[PlyCount "57"]
[EventDate "2011.07.06"]
[EventType "tourn (corr)"]
[EventRounds "4"]
[EventCountry "GER"]
[SourceTitle "Telechess CBM 157"]
[Source "ChessBase"]
[SourceDate "2013.11.12"]
[SourceVersion "1"]
[SourceVersionDate "2013.11.12"]
[SourceQuality "1"]

1. d4 d5 2. c4 c6 3. Nf3 dxc4 4. e3 Be6 5. Nc3 Nf6 6. Ng5 Bf5 7. Bxc4 e6 8. 0-0 Be7 9. e4 Nxe4 10. Ngxe4 0-0 11. Ng3 Bg6 12. Be3 Nd7 13. f4 c5 14. dxc5 Bxc5 15. Bxc5 Re8 16. Be3 Qc7 17. Bb3 Nc5 18. Bc2 Red8 19. Qe2 Bxc2 20. Qxc2 a6 21. Nce4 b6 22. b4 Rac8 23. bxc5 bxc5 24. Nxc5 Qb6 25. Rad1 Rd5 26. Rxd5 exd5 27. Nf5 Qd8 28. Bd4 f6 29. Re1 1-0

[Event "LSS No Engine Cup 46 Preliminary 1"]
[Site "LSS email"]
[Date "2011.07.10"]
[Round "?"]
[White "Shapovalov, Dima"]
[Black "Gergely, Monica"]
[Result "1-0"]
[WhiteElo "1648"]
[BlackElo "769"]
[PlyCount "39"]
[EventDate "2011.07.11"]
[EventType "tourn (corr)"]
[EventRounds "6"]
[EventCountry "GER"]
[SourceTitle "Telechess CBM 151"]
[Source "ChessBase"]
[SourceDate "2012.11.13"]
[SourceVersion "1"]
[SourceVersionDate "2012.11.13"]
[SourceQuality "1"]

1. e4 c6 2. d4 d5 3. e5 Nh6 4. Nf3 Bg4 5. h3 Bxf3 6. Qxf3 e6 7. Bd3 c5 8. dxc5 Bxc5 9. Qg3 Bf8 10. 0-0 Nc6 11. Re1 f6 12. exf6 Qxf6 13. Bg5 Nf5 14. Qg4 Qg6 15. Bxf5 h5 16. Bxg6+ Kd7 17. Qxe6+ Kc7 18. Nc3 Kb6 19. Nxd5+ Ka6 20. Bd3+ 1-0

[Event "OP-2011-0-01635"]
[Site "LSS email"]
[Date "2011.07.03"]
[Round "?"]
[White "Gergely, Monica"]
[Black "Tsuprik, Aleksandr"]
[Result "0-1"]
[WhiteElo "769"]
[BlackElo "1294"]
[PlyCount "88"]
[EventDate "2011.06.29"]
[EventType "tourn (corr)"]
[EventRounds "4"]
[EventCountry "GER"]
[SourceTitle "Telechess CBM 151"]
[Source "ChessBase"]
[SourceDate "2012.11.13"]
[SourceVersion "1"]
[SourceVersionDate "2012.11.13"]
[SourceQuality "1"]

1. e4 c5 2. f4 d5 3. Bb5+ Bd7 4. Bxd7+ Qxd7 5. d4 dxe4 6. Be3 cxd4 7. Qxd4 Nf6 8. Qxd7+ Nbxd7 9. Ne2 e5 10. f5 Bc5 11. Bxc5 Nxc5 12. 0-0 0-0-0 13. Nbc3 a6 14. Rad1 Ng4 15. Nd5 Nf6 16. Nxf6 gxf6 17. Nc3 Rxd1 18. Rxd1 Rd8 19. Kf2 Rxd1 20. Nxd1 Kd7 21. Ke3 a5 22. Nc3 Kd6 23. Nxe4+ Nxe4 24. Kxe4 Kc5 25. a3 a4 26. b3 b5 27. bxa4 bxa4 28. g4 Kc4 29. g5 fxg5 30. Kxe5 h5 31. Kf6 g4 32. Kxf7 h4 33. f6 g3 34. hxg3 hxg3 35. Ke7 g2 36. f7 g1Q 37. f8Q Qc5+ 38. Ke8 Qxf8+ 39. Kxf8 Kc3 40. Ke7 Kxc2 41. Kd6 Kb3 42. Kc5 Kxa3 43. Kb5 Kb3 44. Ka5 a3 0-1

[Event "OP-2011-0-01635"]
[Site "LSS email"]
[Date "2011.07.03"]
[Round "?"]
[White "Hernandez, Orlando"]
[Black "Gergely, Monica"]
[Result "1-0"]
[WhiteElo "1190"]
[BlackElo "769"]
[PlyCount "89"]
[EventDate "2011.06.29"]
[EventType "tourn (corr)"]
[EventRounds "4"]
[EventCountry "GER"]
[SourceTitle "Telechess CBM 151"]
[Source "ChessBase"]
[SourceDate "2012.11.13"]
[SourceVersion "1"]
[SourceVersionDate "2012.11.13"]
[SourceQuality "1"]

1. e4 c6 2. d4 d5 3. exd5 Qxd5 4. Nc3 Qa5 5. Nf3 g6 6. Bc4 Bg7 7. 0-0 Nf6 8. Be3 Bf5 9. Qd2 Ng4 10. Rfe1 e6 11. h3 Nxe3 12. fxe3 Nd7 13. e4 Bxh3 14. gxh3 0-0 15. e5 a6 16. Rad1 Nb6 17. Bb3 Rad8 18. Qg5 Nd5 19. Bxd5 cxd5 20. Rf1 b5 21. a3 h6 22. Qh4 Qc7 23. Nh2 f5 24. Rf2 g5 25. Qh5 Qf7 26. Qxf7+ Rxf7 27. a4 b4 28. Ne2 h5 29. Rg2 Bh6 30. Nf4 Re8 31. Nxh5 Bg7 32. Rxg5 Kh7 33. Rxg7+ Rxg7+ 34. Nxg7 Kxg7 35. Nf3 Kh6 36. Kf2 Rg8 37. Rg1 Rxg1 38. Nxg1 Kh5 39. Kg3 a5 40. Ne2 Kg5 41. Nf4 Kh6 42. Nxe6 Kg6 43. h4 Kf7 44. Nf4 Ke7 45. h5 1-0

[Event "ZN-2011-0-01577"]
[Site "LSS email"]
[Date "2011.06.20"]
[Round "?"]
[White "Klos, Gustav"]
[Black "Gergely, Monica"]
[Result "0-1"]
[WhiteElo "528"]
[BlackElo "769"]
[PlyCount "100"]
[EventDate "2011.06.17"]
[EventType "match (corr)"]
[EventRounds "2"]
[EventCountry "GER"]
[SourceTitle "Telechess CBM 149"]
[Source "ChessBase"]
[SourceDate "2012.07.17"]
[SourceVersion "1"]
[SourceVersionDate "2012.07.17"]
[SourceQuality "1"]

1. e4 c6 2. Bc4 d5 3. Bb3 e5 4. d3 dxe4 5. dxe4 Qxd1+ 6. Kxd1 Nf6 7. Nc3 Bc5 8. Be3 Bxe3 9. fxe3 0-0 10. h3 Na6 11. a3 Rd8+ 12. Kc1 Nc5 13. Nf3 Nfxe4 14. Rd1 Be6 15. Nxe5 Bxb3 16. Nd3 Nxc3 17. bxc3 Nxd3+ 18. Rxd3 Bc4 19. Rd4 b6 20. Rxc4 c5 21. Kb2 Rd2 22. Rf1 Re8 23. Kc1 Re2 24. Ra4 a5 25. Raf4 f6 26. g4 R2xe3 27. Kb2 Rxh3 28. g5 fxg5 29. Rf5 g4 30. Rg5 Rf3 31. Rg1 h6 32. R5xg4 g5 33. Rd1 Kf7 34. Rd6 Rf6 35. Rd7+ Re7 36. Rd8 Kg6 37. c4 Kf5 38. Rg1 g4 39. Rf1+ Kg5 40. Rg8+ Rg6 41. Rgf8 Re5 42. Kc3 Re3+ 43. Kd2 Rf3 44. Ke2 Rxf1 45. Rxf1 h5 46. Ke3 Rf6 47. Re1 Re6+ 48. Kd2 Rxe1 49. Kxe1 Kf4 50. Kf2 h4 0-1

[Event "ZN-2011-0-01513"]
[Site "LSS email"]
[Date "2011.05.23"]
[Round "?"]
[White "Gergely, Monica"]
[Black "Bester, Kazimierz"]
[Result "1-0"]
[WhiteElo "674"]
[BlackElo "598"]
[PlyCount "97"]
[EventDate "2011.05.19"]
[EventType "match (corr)"]
[EventRounds "2"]
[EventCountry "GER"]
[SourceTitle "Telechess CBM 147"]
[Source "ChessBase"]
[SourceDate "2012.03.16"]
[SourceVersion "1"]
[SourceVersionDate "2012.03.16"]
[SourceQuality "1"]

1. e4 d5 2. exd5 Qxd5 3. Nc3 Qa5 4. d4 Nf6 5. Bd2 Nc6 6. Nf3 Bf5 7. Nd5 Nb4 8. Nxb4 0-0-0 9. Nc6 Qb6 10. Nxd8 Kxd8 11. Bc4 e6 12. 0-0 Bd6 13. c3 Bg4 14. h3 Bxf3 15. Qxf3 Ke7 16. d5 Qxb2 17. Qe3 Re8 18. Rfb1 Qc2 19. Qd3 Qxd3 20. Bxd3 Nxd5 21. Rxb7 g6 22. Rxa7 f5 23. Bb5 Rb8 24. a4 e5 25. c4 Nb6 26. Bg5+ Ke6 27. a5 Nc8 28. a6 Nxa7 29. Ba4 h5 30. Be3 c5 31. f3 f4 32. Bf2 g5 33. Bc2 Rb2 34. Be4 Rb6 35. Kf1 Kf6 36. g4 h4 37. Be1 Rb2 38. Bc3 Rh2 39. Ra3 Rxh3 40. Rb3 Rh1+ 41. Kg2 Ra1 42. Bxa1 Ke6 43. Rb7 Nc8 44. Rh7 Nb6 45. Rh6+ Kd7 46. Rg6 Be7 47. Rxb6 Kc7 48. Rb7+ Kd6 49. a7 1-0

[Event "ZN-2011-0-01506"]
[Site "LSS email"]
[Date "2011.05.19"]
[Round "?"]
[White "Simmons, Ernest"]
[Black "Gergely, Monica"]
[Result "1-0"]
[WhiteElo "757"]
[BlackElo "769"]
[PlyCount "123"]
[EventDate "2011.05.15"]
[EventType "match (corr)"]
[EventRounds "2"]
[EventCountry "GER"]
[SourceTitle "Telechess CBM 149"]
[Source "ChessBase"]
[SourceDate "2012.07.17"]
[SourceVersion "1"]
[SourceVersionDate "2012.07.17"]
[SourceQuality "1"]

1. Nf3 d5 2. g3 c6 3. Bg2 Nf6 4. d3 Bf5 5. 0-0 Nbd7 6. Nd4 Bg6 7. Nc3 e5 8. Nf3 Bc5 9. e3 0-0 10. Bd2 Re8 11. Nh4 Bh5 12. Bf3 Bxf3 13. Nxf3 e4 14. dxe4 dxe4 15. Ne1 Ne5 16. Na4 Bb6 17. Bc3 Neg4 18. Bxf6 Qxf6 19. Nc3 Rad8 20. Qxg4 Rd2 21. Qf4 Qxf4 22. gxf4 Red8 23. Rc1 R8d6 24. Nxe4 Rd1 25. Nd3 Rg6+ 26. Ng3 Rxf1+ 27. Kxf1 f6 28. Nf5 Bc7 29. Ne7+ Kf7 30. Nxg6 Kxg6 31. Rd1 Kf5 32. Nc5 b5 33. Rd7 Bb6 34. Nb3 Kg6 35. f5+ Kh6 36. Nd4 c5 37. Ne6 g6 38. Nf8 gxf5 39. Rxh7+ Kg5 40. Rh3 Kg4 41. Kg2 f4 42. f3+ Kf5 43. e4+ Ke5 44. Ng6+ Kd4 45. Nxf4 Ke5 46. Ng6+ Kd4 47. Rh8 c4 48. h4 Ke3 49. Rc8 Kd2 50. h5 Be3 51. f4 Kxc2 52. h6 Bd4 53. h7 f5 54. e5 Kxb2 55. h8Q c3 56. Qh1 c2 57. Kf3 b4 58. Qh2 Bc3 59. Ke3 a5 60. Kd3 Kxa2 61. Rxc3 b3 62. Rxb3 1-0

[Event "OP-2011-0-01514"]
[Site "LSS email"]
[Date "2011.05.07"]
[Round "?"]
[White "Bester, Kazimierz"]
[Black "Gergely, Monica"]
[Result "1-0"]
[WhiteElo "684"]
[BlackElo "800"]
[PlyCount "61"]
[EventDate "2011.05.04"]
[EventType "tourn (corr)"]
[EventRounds "4"]
[EventCountry "GER"]
[SourceTitle "Telechess CBM 145"]
[Source "Chessbase"]
[SourceDate "2011.11.11"]
[SourceVersion "1"]
[SourceVersionDate "2011.11.11"]
[SourceQuality "1"]

1. f4 d5 2. Nf3 Nf6 3. e3 Bg4 4. Be2 e6 5. 0-0 Bc5 6. d4 Bb6 7. c3 0-0 8. Ne5 Bxe2 9. Qxe2 Ne4 10. Rf3 c5 11. Rh3 Qf6 12. Qh5 h6 13. Nd2 Nc6 14. Nxe4 dxe4 15. Nd7 Qg6 16. Nxf8 Kxf8 17. Qxg6 fxg6 18. Bd2 Rd8 19. Rf1 Na5 20. Be1 Nc4 21. b3 Nxe3 22. Rxe3 cxd4 23. Rxe4 d3+ 24. Kh1 Kf7 25. Bd2 Kf6 26. Rfe1 Bc7 27. Rxe6+ Kf5 28. g3 h5 29. Re7 Bb6 30. Rxg7 Bf2 31. Re5+ 1-0